=LDR 00000nam 2200000 4500 =001 001119 =005 20250713011934 =035 ##$$a 0010-0725001003 =007 ta =008 250713################a##########0#ind## =020 ##$$a 978-623-307-914 =082 ##$$a 398.209 598 =084 ##$$a 398.209 598 MAN c =100 #$$a Manandar shantdas =245 1#$$a Chunu dan munu: dinginnya! /$c Shantdas manandhar =250 ##$$a Cetakan pertama =260 ##$$a Rawamangun :$b Badan pengembangan dan pembinaan bahasa,$c 2022 =300 ##$$a 20 hlm. : $b Ilus. ; $c 22,9 cm. =650 #4$$a Cerita anak indonesia-terjemahan =650 #4$$a Literasi-bahan bacaan =700 #$$a Pradhan shilpi